000 00500nam a2200181Ia 4500
999 _c11157
_d11157
003 OSt
005 20191226121428.0
008 190216s9999||||xx |||||||||||||| ||und||
020 _a9789380156811
040 _coclc
082 _a338.5
_bSET/I
100 _aSeth, Ranjana
_9785
245 0 _aIndustrial Economics /
_cRanjana Seth
260 _bAne Books India,
_c2010.
_aNew Delhi:
300 _a267p
650 _aEconomics
942 _cBK
_2ddc
_h338.5
_iSET/I
_k338.5
_mSET/I